Normal view
MARC view
- Engr. Rashid Iftikhar (Supervisor)
Entry Personal Name
001 - CONTROL NUMBER
- control field: 10275
003 - CONTROL NUMBER IDENTIFIER
- control field: NUST
005 - DATE AND TIME OF LATEST TRANSACTION
- control field: 20180503045732.0
008 - FIXED-LENGTH DATA ELEMENTS
- fixed length control field: 180503|| aca||aabn | a|a d
040 ## - CATALOGING SOURCE
- Original cataloging agency: NUST
- Transcribing agency: NUST
100 ## - HEADING--PERSONAL NAME
- Personal name: Engr. Rashid Iftikhar (Supervisor)
670 ## - SOURCE DATA FOUND
- Source citation: Work cat.: (NUST): Anousha Rizvi, Omer Siddiq, M.Shehroze Sultan 10274, Design of a Sustainable Porous Substrate Bioreactor for Producing Biodiesel From Microalgae Biomass, 2017
